000 00731nmc a2200265 a 4500
003 AR-BaBNM
005 20251128210406.0
008 150020s1968 ||||||||||||||000 | spa||
040 _cAR-BaBNM
100 1 _aSobrevila, Marcelo Antonio
245 1 0 _aDidáctica de la educación técnica
260 _aBuenos Aires
_bKapelusz
_c1968
300 0 _a197 p.
_btablas
490 0 _aBiblioteca de cultura pedagógica
_vv. 102
504 _aContiene bibliografía p. 197
650 4 _aESCUELAS TECNICAS
650 4 _aENSENANZA TECNICA
650 4 _aHISTORIA DE LA EDUCACION
650 4 _aPLAN DE ESTUDIOS
650 4 _aMETODOS DE ENSENANZA
650 4 _aDOCENTES
651 4 _aArgentina
942 _cBK
998 _cRaquel
999 _c15287
_d15287